Culture, Development, and Democracy; (Record no. 3137)

MARC details
000 -LEADER
fixed length control field 00921cam a2200313 a 4500
001 - CONTROL NUMBER
control field 4005000
003 - CONTROL NUMBER IDENTIFIER
control field OSt
005 - DATE AND TIME OF LATEST TRANSACTION
control field 20161208132731.0
008 - FIXED-LENGTH DATA ELEMENTS--GENERAL INFORMATION
fixed length control field 951102s1994 ja b 010 0 eng d
010 ## - LIBRARY OF CONGRESS CONTROL NUMBER
LC control number 96137480
020 ## - INTERNATIONAL STANDARD BOOK NUMBER
International Standard Book Number 978-9280808544
020 ## - INTERNATIONAL STANDARD BOOK NUMBER
International Standard Book Number 9280808540
035 ## - SYSTEM CONTROL NUMBER
System control number (OCoLC)33414022
040 ## - CATALOGING SOURCE
Original cataloging agency MWalB
Transcribing agency MWalB
Modifying agency DLC
042 ## - AUTHENTICATION CODE
Authentication code lccopycat
043 ## - GEOGRAPHIC AREA CODE
Geographic area code d------
050 00 - LIBRARY OF CONGRESS CALL NUMBER
Classification number HM213
Item number .C87 1994
082 00 - DEWEY DECIMAL CLASSIFICATION NUMBER
Classification number 306
Edition number 21
Item number CUL 1994
100 ## - MAIN ENTRY--PERSONAL NAME
Personal name Edited by Selo Soemardjan; Kenneth W. Thompson.
9 (RLIN) 11359
245 00 - TITLE STATEMENT
Title Culture, Development, and Democracy;
Remainder of title the role of the intellectual.
260 ## - PUBLICATION, DISTRIBUTION, ETC. (IMPRINT)
Name of publisher, distributor, etc. United Nations University Press,
Date of publication, distribution, etc. 1994.
300 ## - PHYSICAL DESCRIPTION
Extent x, 228 p. ;
Dimensions 24 cm.
504 ## - BIBLIOGRAPHY, ETC. NOTE
Bibliography, etc Includes bibliographical references.
650 ## - SUBJECT ADDED ENTRY--TOPICAL TERM
Topical term or geographic name as entry element Culture
9 (RLIN) 7897
650 ## - SUBJECT ADDED ENTRY--TOPICAL TERM
Topical term or geographic name as entry element Democracy
9 (RLIN) 1184
650 ## - SUBJECT ADDED ENTRY--TOPICAL TERM
Topical term or geographic name as entry element Development
9 (RLIN) 612
906 ## - LOCAL DATA ELEMENT F, LDF (RLIN)
a 7
b cbc
c copycat
d 3
e ncip
f 19
g y-gencatlg
942 ## - ADDED ENTRY ELEMENTS (KOHA)
Source of classification or shelving scheme Dewey Decimal Classification
Koha item type Short Loan
Holdings
Withdrawn status Lost status Source of classification or shelving scheme Damaged status Not for loan Home library Current library Date acquired Inventory number Total Checkouts Full call number Barcode Date last seen Koha item type
    Dewey Decimal Classification     MUST Main Library MUST Main Library 02/03/2016 01/14930   306 CUL 1994 2016-0301 02/03/2016 Short Loan